000 00741nam a2200301Ia 4500
008 170203s9999 xx 000 0 und d
020 _a0-590108115
050 _aFic
050 _bB852c
100 _aBridwell, Norman.
245 _aClifford and the big parade /
245 _cNorman Bridwell.
260 _aNew York :
260 _bScholastic :
260 _c©1998.
300 _a30 unnumbered pages :
300 _bcolor illustrations ;
300 _c21 cm.
440 _aClifford the big red dog.
650 _aDogs --
650 _aDogs --
650 _aParades --
650 _aParades --
650 _xFiction.
650 _xFiction.
650 _xJuvenile fiction.
650 _xJuvenile fiction.
999 _c306333
_d306333